| 000 | 00869nam a22001815i 4500 | ||
|---|---|---|---|
| 001 | 154997 | ||
| 003 | ES-MaACL | ||
| 005 | 20251115063311.0 | ||
| 008 | 000714s1868 sp |||| | spa d | ||
| 040 |
_aAR _bspa _cAR |
||
| 100 | 1 |
_aGutiérrez de Alba, José María, _d1822-1897 _9127661 |
|
| 245 | 1 | 0 |
_a¿Quién será el rey? ó Los pretendientes _b: cuadro jocoso escrito sobre un asunto muy serio / _cpor José María Gutierrez de Alba. |
| 260 |
_aMadrid : _b[s.n.], _c1868 ( _fImp. de Manuel Minuesa) |
||
| 300 |
_a30 p. ; _c19 cm. |
||
| 500 | _aRepresentado por primera vez en el teatro de Novedades el 11 de diciembre de 1868. | ||
| 852 |
_aES-MaACL _jF-8551(2) _z-- Enc. pasta española _q-- Falto de la cub. original _z-- Enc. en un vol. facticio, formando parte de la colección facticia "Teatro español moderno", vol. 3 |
||
| 999 |
_c154997 _d154997 |
||